IEEE Software
Αποθηκεύτηκε σε:
| Συγγραφή απο Οργανισμό/Αρχή: | |
|---|---|
| Μορφή: | Περιοδική έκδοση |
| Γλώσσα: | English |
| Δημοσίευση: |
USA :
IEEE Institute of Electrical and Electronics,
1984-
|
| Θέματα: | |
| Ετικέτες: |
Προσθήκη ετικέτας
Δεν υπάρχουν, Καταχωρήστε ετικέτα πρώτοι!
|
MARC
| LEADER | 00000nas a2200000 i 4500 | ||
|---|---|---|---|
| 001 | 1/13132 | ||
| 008 | 001117c19849999 eng d | ||
| 022 | |a 07407459 | ||
| 035 | |l 10064497 | ||
| 040 | |a GR-MY-UA |b gre |e aacr | ||
| 041 | 0 | |a eng | |
| 082 | 0 | |a 005.305 | |
| 110 | 2 | |a IEEE Computer Society. | |
| 245 | 1 | 0 | |a IEEE Software |h [περιοδικό] |
| 246 | 3 | 3 | |a Software |
| 260 | |a USA : |b IEEE Institute of Electrical and Electronics, |c 1984- | ||
| 300 | |a v.; |b ill.; |c 28 cm. | ||
| 310 | |a Bimonthly, Mar. 1988- ; Quarterly, 1084-1988 | ||
| 650 | 0 | 0 | |a Computer software |x Periodicals. |
| 650 | 0 | 0 | |a Computer programming |x Periodicals. |
| 853 | |a INST |b SAMOS |c SER | ||
| 922 | |a 3ΕΛΗ |b (200011) |c ΚΕΝΤΡΙΚΗ ΒΙΒΛΙΟΘΗΚΗ |d SWETS | ||